000 00835nam a22001937a 4500
003 OSt
005 20250911165711.0
008 240222b ||||| |||| 00| 0 eng d
040 _c0
082 _aDPer 621.317 Ie21 May 2022 v. 37 n. 5
100 _aSakar, Selcuk.
_eauthor.
_953092
245 _aModeling and analysis of DC-link capacitors subjected to high frequency conducted disturbances in electronic equipment /
_cSelcuk Sakar and Sarah Ronnberg.
260 _aNew York ;
_bThe Institute of Electrical and Electronics Engineers, Inc. ,
_cMay 2022.
300 _aVolume 37, pages 5949-5946 :
_billustration ;
_c28 cm.
500 _aIEEE Transactions on Power Electronics, vol. 37, no. 5, pages 5949-5946, May 2022.
700 _aSakar, Selcuk.
_eauthor.
_953092
700 _aRonnberg, Sarah.
_eauthor.
_953093
942 _2ddc
_cPER
999 _c19303
_d19303